Normal view
MARC view
- Sikhs
Entry Topical Term
001 - CONTROL NUMBER
- control field: 6453
003 - CONTROL NUMBER IDENTIFIER
- control field: NUST
005 - DATE AND TIME OF LATEST TRANSACTION
- control field: 20171116113506.0
008 - FIXED-LENGTH DATA ELEMENTS
- fixed length control field: 171116|| aca||aabn | a|a d
040 ## - CATALOGING SOURCE
- Original cataloging agency: NUST
- Transcribing agency: NUST
150 ## - HEADING--TOPICAL TERM
- Topical term or geographic name entry element: Sikhs
- Geographic subdivision: Pakistan
- Form subdivision: Pictorial works.
670 ## - SOURCE DATA FOUND
- Source citation: Work cat.: (NUST)0: Shāh, Ṣafdar ʻAlī, 1948- 6447, The Sikh heritage of Pakistan /
